skbl

Dr Suryya Kumar Bhuyan Library Web-OPAC
ডঃ সূৰ্য্য
কুমাৰ ভূঞা পুথিভঁৰাল ৱেব-অ'পেক

All Research Scholars are advised to clear the annual library fees to continue using Library Resources, Remote Access, Plagiarism Test and Library Clearance.

Cotton University Book Fair 2026

Grammatical Notes On The Assamese Language / (Record no. 3099)

MARC details
000 -LEADER
fixed length control field 00509nam a2200181Ia 4500
001 - CONTROL NUMBER
control field 3111
008 - FIXED-LENGTH DATA ELEMENTS--GENERAL INFORMATION
fixed length control field 220826s1893 ii g b000 u asm u
082 ## - DEWEY DECIMAL CLASSIFICATION NUMBER
Classification number 491.41
100 ## - MAIN ENTRY--PERSONAL NAME
Personal name Brown, N..
245 #0 - TITLE STATEMENT
Title Grammatical Notes On The Assamese Language /
Statement of responsibility, etc. N. Brown.
Medium Textual Documents
250 ## - EDITION STATEMENT
Edition statement 3rd ed. /
260 ## - PUBLICATION, DISTRIBUTION, ETC.
Place of publication, distribution, etc. Calcutta. :
Name of publisher, distributor, etc. Ammerican Baptiest Missionary ,
Date of publication, distribution, etc. 1893.
300 ## - PHYSICAL DESCRIPTION
Extent 94p. ;
Dimensions 18 cm.
500 ## - GENERAL NOTE
General note 328/Ass
653 ## - INDEX TERM--UNCONTROLLED
Uncontrolled term Assamese Language-Grammar
653 ## - INDEX TERM--UNCONTROLLED
Uncontrolled term Rare-Assamese
942 ## - ADDED ENTRY ELEMENTS (KOHA)
Source of classification or shelving scheme Dewey Decimal Classification
Koha item type Books
Holdings
Withdrawn status Lost status Damaged status Not for loan Home library Current library Date acquired Coded location qualifier Total checkouts Full call number Barcode Date last seen Copy number Price effective from Koha item type Collection
      Not for loan Dr. Suryya Kumar Bhuyan Library Dr. Suryya Kumar Bhuyan Library 01/02/2012 00000   491.41 Br 812 As 336.2 13/01/2024 1 01/02/2012 Books  
      Not for loan Dr. Suryya Kumar Bhuyan Library Dr. Suryya Kumar Bhuyan Library 01/02/2012 00000   491.41 Br 812 As 1941/EL 13/01/2024 2 01/02/2012 Books  

Designed and Maintained by Team SKBL
©1901-2026

Powered by Koha